Normal view
MARC view
- Great Britain
Entry Geographic Name
001 - CONTROL NUMBER
- control field: 12092
003 - CONTROL NUMBER IDENTIFIER
- control field: NUST
005 - DATE AND TIME OF LATEST TRANSACTION
- control field: 20180730073642.0
008 - FIXED-LENGTH DATA ELEMENTS
- fixed length control field: 180730|| aca||aabn | a|a d
040 ## - CATALOGING SOURCE
- Original cataloging agency: NUST
- Transcribing agency: NUST
151 ## - HEADING--GEOGRAPHIC NAME
- Geographic name: Great Britain
- General subdivision: Relations
- Geographic subdivision: Iraq.
670 ## - SOURCE DATA FOUND
- Source citation: Work cat.: (NUST)174441: Cook, Robin F. 12084, The point of departure /, 2003.
